Sommerlochtiere - Statistiken

Allgemein
  • Dieses Quiz wurde 30 mal gespielt
  • Das Durchschnittsergebnis liegt bei 4 aus 10
Antwortstatistiken
Jahr Name Berühmtheitsgrund Tierart % Korrekt
2006-2008 Petra Verliebte sich in ein Tretboot Schwarzschwan
80%
2006 Bruno Seit über 170 Jahren der erste in Deutschland gesichtete Vertreter seiner Art Braunbär
77%
2025 / Griff mehrere Badegäste am Brombachsee an und wurde dann durch die Polizei erschossen Europäischer Wels
77%
2023 / Wurde angeblich nahe Berlin gesichtet, später stellte es sich als ein Wildschwein heraus Löwe
73%
2025 Emil Wanderte auf der Suche nach einem Revier durch fünf Länder Elch
37%
1994 Sammy Entkam seinem Halter und ließ sich am Straberg-Nievenheimer See nieder Brillenkaiman
13%
2011 Yvonne Entwischte aus menschlicher Obhut und konnte drei Monate lang nicht eingefangen werden Hausrind
13%
2018 / Exotisches Tier, das am Latumer See nahe Düsseldorf gesichtet wurde Gelbe Anakonda
7%
2016 Ronny Griff sein Spiegelbild an und zerstörte dabei Fensterscheiben und Autos in der Gemeinde Glambeck Weißstorch
7%
2015 Max Bewohner des Dresdner Zoos, der überraschend wohl aufgrund einer Entzündung im Alter von 60 Jahren verstarb Leistenkrokodil
3%
Keine übereinstimmenden Quizze gefunden
Verteilung der Resultate
Anzahl Personen mit jedem Resultat
Perzentil nach korrekt beantworteten Fragen
Ihre Resultats-Entwicklung
Sie haben dieses Quiz noch nicht gespielt